Ελλάδα... ή Κύπρος; - Statistics

General Stats
  • This quiz has been taken 540 times
  • The average score is 17 of 20
Answer Stats
Question Answer % Correct
Έχει φιλοξενήσει τους Ολυμπιακούς Αγώνες. Ελλάδα
100%
Οι μεγαλύτερες οροσειρές της είναι η Πίνδος και η Ροδόπη. Ελλάδα
99%
Η σημαία της φέρει τον σταυρό. Ελλάδα
99%
Οι μεγαλύτερες πόλεις της είναι η Λάρνακα και η Λευκωσία. Κύπρος
98%
Έχει μεγαλύτερο πληθυσμό. Ελλάδα
98%
Έχει μεγαλύτερη έκταση. Ελλάδα
98%
Έχει κερδίσει τον Διαγωνισμό Τραγουδιού της Eurovision. Ελλάδα
98%
Τα τουρκικά είναι μία από τις επίσημες γλώσσες της. Κύπρος
97%
Δεν διαθέτει σιδηροδρομικό δίκτυο σε λειτουργία. Κύπρος
96%
Η πρωτευουσά της φέρει το όνομα μίας θεάς. Ελλάδα
95%
Το 25 % περίπου του πληθυσμού της είναι Μουσουλμάνοι. Κύπρος
93%
Θεωρείται η κοιτίδα της δημοκρατίας. Ελλάδα
92%
Είναι μέλος της Ευρωπαϊκής Ένωσης και του ΝΑΤΟ. Ελλάδα
90%
Διαθέτει βρετανικές στρατιωτικές βάσεις εντός της επικράτειάς της. Κύπρος
88%
Διαθέτει μία αποστρατικοποιημένη ζώνη, η οποία ελέγχεται από δύναμη του ΟΗΕ. Κύπρος
86%
Η οδήγηση γίνεται στα αριστερά. Κύπρος
69%
Έχει μεγαλύτερο κατά κεφαλήν ΑΕΠ. Κύπρος
56%
Έχει υψηλότερο προσδόκιμο ζωής. Ελλάδα
49%
Βρίσκεται πιο κοντά στην Τουρκία. Ελλάδα
47%
Είναι μέλος της Κοινοπολιτείας των Εθνών. Κύπρος
45%
No matching quizzes found
Score Distribution
Percent of People with Each Score
Percentile by Number Answered
Your Score History
You have not taken this quiz